[Event "VIII Miedzynarodowy Memorial Ferdynanda Dziedzica"]
[Site "Trzcianka"]
[Date "2018.10.14"]
[Round "9.7"]
[White "Zakrzewski, Marek"]
[Black "Mazurkiewicz, Michal"]
[Result "*"]
[BlackElo "2213"]
[WhiteElo "2403"]
[LiveChessVersion "1.4.8"]

1. e4 {[%clk 0:10:08]} d6 {[%clk 0:10:09]} 2. d4 {[%clk 0:10:11]} Nf6
{[%clk 0:10:13]} 3. Nc3 {[%clk 0:10:15]} c6 {[%clk 0:10:17]} 4. Nf3
{[%clk 0:09:52]} Bg4 {[%clk 0:10:21]} 5. Be2 {[%clk 0:09:51]} e6 {[%clk 0:10:25]}
6. Bg5 {[%clk 0:09:46]} Be7 {[%clk 0:10:26]} 7. e5 {[%clk 0:09:20]} Bxf3
{[%clk 0:08:26]} 8. Bxf3 {[%clk 0:08:25]} dxe5 {[%clk 0:07:47]} 9. dxe5
{[%clk 0:08:28]} Nfd7 {[%clk 0:07:52]} 10. Bf4 {[%clk 0:08:04]} Qa5
{[%clk 0:07:35]} 11. Qe2 {[%clk 0:07:34]} Qb4 {[%clk 0:07:38]} 12. Bd2
{[%clk 0:06:14]} Qd4 {[%clk 0:07:24]} 13. O-O-O {[%clk 0:06:17]} Qxe5
{[%clk 0:07:17]} 14. Ne4 {[%clk 0:06:15]} O-O {[%clk 0:06:51]} 15. Bc3
{[%clk 0:06:07]} Qf4+ {[%clk 0:05:26]} 16. Kb1 {[%clk 0:05:47]} Nc5
{[%clk 0:05:15]} 17. Nxc5 {[%clk 0:04:17]} Bxc5 {[%clk 0:05:18]} 18. g3
{[%clk 0:04:18]} Qc7 {[%clk 0:05:03]} 19. Qc4 {[%clk 0:04:14]} Na6
{[%clk 0:04:07]} 20. Qg4 {[%clk 0:04:06]} f5 {[%clk 0:03:04]} 21. Qc4
{[%clk 0:04:03]} Rae8 {[%clk 0:03:08]} 22. Rhe1 {[%clk 0:04:00]} Kh8
{[%clk 0:02:50]} 23. Be5 {[%clk 0:02:48]} Qe7 {[%clk 0:02:33]} 24. Rd2
{[%clk 0:02:32]} Rd8 {[%clk 0:02:10]} 25. Red1 {[%clk 0:02:36]} Bb6
{[%clk 0:01:59]} 26. Bd6 {[%clk 0:02:28]} Qf6 {[%clk 0:01:09]} 27. Bxf8
{[%clk 0:02:29]} Rxf8 {[%clk 0:01:13]} 28. Rd7 {[%clk 0:02:08]} Nc5
{[%clk 0:01:13]} 29. R7d6 {[%clk 0:02:12]} Re8 {[%clk 0:00:52]} 30. Qd4
{[%clk 0:01:24]} Qxd4 {[%clk 0:00:21]} 31. R6xd4 {[%clk 0:01:27]} Ne4
{[%clk 0:00:25]} 32. Rd7 {[%clk 0:01:32]} Nxf2 {[%clk 0:00:29]} 33. Rf1
{[%clk 0:01:31]} e5 {[%clk 0:00:27]} 34. Rxb7 {[%clk 0:01:29]} e4
{[%clk 0:00:31]} 35. Be2 {[%clk 0:01:33]} g6 {[%clk 0:00:11]} 36. Rxb6
{[%clk 0:01:36]} axb6 {[%clk 0:00:11]} 37. Rxf2 {[%clk 0:01:39]} Kg7
{[%clk 0:00:12]} 38. Rf1 {[%clk 0:01:39]} Kf6 {[%clk 0:00:14]} 39. Rd1
{[%clk 0:01:39]} Ke5 {[%clk 0:00:17]} 40. Rd7 {[%clk 0:01:38]} g5
{[%clk 0:00:18]} 41. Kc1 {[%clk 0:01:26]} f4 {[%clk 0:00:21]} 42. Kd2
{[%clk 0:01:29]} e3+ {[%clk 0:00:16]} 43. Kd3 {[%clk 0:01:31]} c5
{[%clk 0:00:16]} 44. a4 {[%clk 0:01:21]} c4+ {[%clk 0:00:14]} 45. Kxc4
{[%clk 0:01:24]} Ke4 {[%clk 0:00:18]} 46. Rd4+ {[%clk 0:01:28]} Ke5
{[%clk 0:00:23]} 47. Kd3 {[%clk 0:01:30]} *

[Event "VIII Miedzynarodowy Memorial Ferdynanda Dziedzica"]
[Site "Trzcianka"]
[Date "2018.10.14"]
[Round "9.8"]
[White "Czerwonski, Aleksander"]
[Black "Czechowski, Jakub"]
[Result "*"]
[BlackElo "1783"]
[WhiteElo "2358"]
[LiveChessVersion "1.4.8"]

1. d4 {[%clk 0:10:09]} Nf6 2. c4 g6 {[%clk 0:10:13]} 3. Nc3 {[%clk 0:10:18]} Bg7
{[%clk 0:10:16]} 4. e4 {[%clk 0:10:22]} d6 {[%clk 0:10:20]} 5. f3
{[%clk 0:10:26]} O-O {[%clk 0:10:23]} 6. Be3 {[%clk 0:10:30]} c5 {[%clk 0:10:26]}
7. Nge2 {[%clk 0:10:33]} cxd4 {[%clk 0:10:18]} 8. Nxd4 {[%clk 0:10:37]} Nc6
{[%clk 0:10:22]} 9. Be2 {[%clk 0:10:37]} a5 {[%clk 0:10:25]} 10. Ndb5
{[%clk 0:10:33]} Be6 {[%clk 0:09:50]} 11. O-O {[%clk 0:10:13]} Ne5
{[%clk 0:09:39]} 12. b3 {[%clk 0:09:49]} Nfd7 {[%clk 0:08:42]} 13. f4
{[%clk 0:08:58]} Nc6 {[%clk 0:08:04]} 14. f5 {[%clk 0:08:53]} a4 {[%clk 0:08:03]}
15. fxe6 {[%clk 0:08:50]} fxe6 {[%clk 0:08:05]} 16. Bg4 {[%clk 0:08:01]} axb3
{[%clk 0:08:02]} 17. Bxe6+ {[%clk 0:08:01]} Kh8 {[%clk 0:08:06]} 18. axb3
{[%clk 0:07:56]} Rxa1 {[%clk 0:08:09]} 19. Qxa1 {[%clk 0:07:57]} Nc5
{[%clk 0:08:10]} 20. Rxf8+ {[%clk 0:07:44]} Qxf8 {[%clk 0:08:14]} 21. Bxc5
{[%clk 0:07:42]} dxc5 {[%clk 0:08:17]} 22. Qf1 {[%clk 0:07:43]} Qd8
{[%clk 0:08:17]} 23. Nd5 {[%clk 0:06:38]} Ne5 {[%clk 0:07:52]} 24. Nbc7
{[%clk 0:06:31]} Qb8 {[%clk 0:06:53]} 25. h3 {[%clk 0:05:58]} b6 {[%clk 0:06:28]}
26. Qd1 {[%clk 0:05:37]} h5 {[%clk 0:06:05]} 27. Kh1 {[%clk 0:05:40]} Qa7
{[%clk 0:06:03]} 28. Nb5 {[%clk 0:05:32]} Qa2 {[%clk 0:05:59]} 29. Nxe7
{[%clk 0:05:32]} Kh7 {[%clk 0:05:32]} 30. Bg8+ {[%clk 0:05:07]} Kh8
{[%clk 0:05:04]} 31. Be6 {[%clk 0:05:10]} Qf2 {[%clk 0:04:35]} 32. Nxg6+
{[%clk 0:05:05]} *

[Event "VIII Miedzynarodowy Memorial Ferdynanda Dziedzica"]
[Site "Trzcianka"]
[Date "2018.10.14"]
[Round "9.9"]
[White "Przybylski, Wojciech"]
[Black "Wojdak, Jan"]
[Result "1-0"]
[BlackElo "1758"]
[WhiteElo "2321"]
[LiveChessVersion "1.4.8"]

1. e4 {[%clk 0:10:07]} c5 {[%clk 0:10:09]} 2. Nf3 {[%clk 0:10:10]} Nc6
{[%clk 0:10:13]} 3. Bb5 {[%clk 0:10:13]} d6 {[%clk 0:10:17]} 4. O-O
{[%clk 0:10:13]} Bd7 {[%clk 0:10:20]} 5. a4 {[%clk 0:10:14]} a6 {[%clk 0:10:24]}
6. Bc4 {[%clk 0:10:17]} e6 {[%clk 0:10:23]} 7. c3 {[%clk 0:10:18]} Nf6
{[%clk 0:09:55]} 8. Re1 {[%clk 0:10:22]} Ne5 {[%clk 0:09:46]} 9. Bf1
{[%clk 0:10:01]} Nxf3+ {[%clk 0:09:12]} 10. Qxf3 {[%clk 0:10:04]} Bc6
{[%clk 0:09:16]} 11. d4 {[%clk 0:09:35]} cxd4 {[%clk 0:08:50]} 12. cxd4
{[%clk 0:09:38]} d5 {[%clk 0:08:26]} 13. e5 {[%clk 0:09:38]} Nd7 {[%clk 0:07:53]}
14. Bd2 {[%clk 0:08:39]} Nb8 {[%clk 0:06:23]} 15. Bd3 {[%clk 0:08:15]} Qb6
{[%clk 0:06:15]} 16. Bc3 {[%clk 0:07:45]} Bd7 {[%clk 0:05:48]} 17. Nd2
{[%clk 0:06:24]} Nc6 {[%clk 0:05:51]} 18. a5 {[%clk 0:06:19]} Qd8
{[%clk 0:05:18]} 19. Nb3 {[%clk 0:05:45]} b6 {[%clk 0:04:58]} 20. Qe2
{[%clk 0:05:11]} b5 {[%clk 0:04:59]} 21. Qg4 {[%clk 0:03:32]} h5 {[%clk 0:04:49]}
22. Qf4 {[%clk 0:03:35]} g6 {[%clk 0:04:44]} 23. Qe3 {[%clk 0:02:26]} Bh6
{[%clk 0:04:42]} 24. f4 {[%clk 0:02:30]} g5 {[%clk 0:04:13]} 25. f5
{[%clk 0:02:32]} exf5 {[%clk 0:04:16]} 26. e6 {[%clk 0:02:33]} fxe6
{[%clk 0:03:40]} 27. Bxf5 {[%clk 0:02:35]} Qe7 {[%clk 0:03:06]} 28. Nc5
{[%clk 0:01:58]} g4 {[%clk 0:01:34]} 29. Qg3 {[%clk 0:01:37]} b4 {[%clk 0:01:28]}
30. Nxd7 {[%clk 0:01:28]} bxc3 {[%clk 0:00:22]} 31. Rxe6 {[%clk 0:01:06]} Kxd7
{[%clk 0:00:12]} 32. Rxe7+ {[%clk 0:01:02]} Kxe7 {[%clk 0:00:16]} 33. Qc7+
{[%clk 0:00:59]} Kf6 {[%clk 0:00:17]} 34. Qxc6+ {[%clk 0:00:55]} Kxf5
{[%clk 0:00:18]} 35. Qxd5+ {[%clk 0:00:54]} Kg6 {[%clk 0:00:22]} 36. Qe4+
{[%clk 0:00:48]} Kg7 {[%clk 0:00:24]} 37. Qe7+ {[%clk 0:00:46]} Kg6
{[%clk 0:00:27]} 38. bxc3 {[%clk 0:00:42]} Rhe8 {[%clk 0:00:29]} 39. Qd6+
{[%clk 0:00:44]} Kh7 {[%clk 0:00:32]} 40. Rb1 {[%clk 0:00:35]} Ra7 1-0